Normal view
MARC view
Entry Personal Name
001 - CONTROL NUMBER
- control field: 38293
003 - CONTROL NUMBER IDENTIFIER
- control field: ARRUPE
005 - DATE AND TIME OF LATEST TRANSACTION
- control field: 20180108124431.0
008 - FIXED-LENGTH DATA ELEMENTS
- fixed length control field: 180108|| aca||aabn | a|a d
040 ## - CATALOGING SOURCE
- Original cataloging agency: ARRUPE
- Transcribing agency: ARRUPE
100 ## - HEADING--PERSONAL NAME
- Personal name: Steiner, Gary Albert,
- Dates associated with a name: 1931-1966,
- Relator term: joint author.
670 ## - SOURCE DATA FOUND
- Source citation: Work cat.: (ARRUPE)0: Berelson, Bernard, 1912-1979. 38291, Human behavior;, [c1964]